Piłkarska kariera Thiago Silvy. - Statystyki

Ogólne statystyki
  • Ten quiz został rozwiązany 63 razy
  • Średni wynik to 4 z 8
Statystyki odpowiedzi
Lata Drużyna % Poprawnych
2012-2020 PSG
100%
2020-? Chelsea
96%
2009-2012 Milan
75%
2006-2009 Fluminense
33%
2005-2005 Porto
25%
2005-2007 Dynamo Moskwa
22%
2004-2005 Juventude
6%
?-2004 RS Futebol
4%
Nie znaleziono quizów pasujących do podanych kryteriów
Rozkład punktacji
Procent ludzi z każdym wynikiem
Percentyl według liczby udzielonych odpowiedzi
Twoja historia wyników
Nie rozwiązałeś tego quizu